Logo BPK

Bibliografia Prac Pracowników

Politechniki Koszalińskiej

Prognozowanie fizyko-mechanicznych własności odpadów poflotacyjnych składowanych w zbiornikach osadowych / (Rekord nr 7301)

Szczegóły MARC
000 -ETYKIETA REKORDU
podpole kontrolne o stałej długości 00732nab a22001937a 4500
003 - IDENTYFIKATOR NUMERU KONTROLNEGO REKORDU
podpole kontrolne BPK
005 - DATA OSTATNIEJ MODYFIKACJI REKORDU
podpole kontrolne 20160216122905.0
008 - POLE O STAŁEJ DŁUGOŚCI - DANE KONTROLNE
podpole kontrolne o stałej długości 160216b1980 pl ||||| |||| 00| ||pol
040 ## - ŹRÓDŁO KATALOGOWANIA
Instytucja, która utworzyła rekord BPK
080 ## - UNIWERSALNA KLASYFIKACJA DZIESIĘTNA - UKD
UKD 628.4
100 ## - NAZWA OSOBOWA
Nazwa osobowa EWERTOWSKA-MADEJ, Zofia.
Lata pracy 1978 - 1996.
Instytucja Wyższa Szkoła Inżynierska w Koszalinie - Instytut Inżynierii Środowiska,
Wydział Zakład Biologii i Chemii Sanitarnej
245 ## - TYTUŁ/ODPOWIEDZIALNOŚĆ
Tytuł Prognozowanie fizyko-mechanicznych własności odpadów poflotacyjnych składowanych w zbiornikach osadowych /
Pozostałe elementy strefy tytułu i oznaczenia odpowiedzialności Zofia Ewertowska-Madej.
260 ## - STREFA ADRESU WYDAWNICZEGO
Data publikacji, dystrybucji/powstania dokumentu 1980.
500 ## - UWAGI OGÓLNE
Tekst uwagi Dane z kartoteki bpp.
650 #0 - HASŁO PRZEDMIOTOWE W FORMIE NAZWY OGÓLNEJ LUB JEDNOSTKOWEJ
Nazwa ogólna lub geograficzna Odpady.
650 #0 - HASŁO PRZEDMIOTOWE W FORMIE NAZWY OGÓLNEJ LUB JEDNOSTKOWEJ
Nazwa ogólna lub geograficzna Składowiska odpadów.
773 ## - TYTUŁ DOKUMENTU MACIERZYSTEGO
Wyrażenie wprowadzające W :
Tytuł Cuprum. -
Informacje dotyczące relacji 1980, nr 4, s. 19-24
942 ## - HASŁO DODATKOWE - ELEMENTY(KOHA)
Typ dokumentu Artykuł
Schemat klasyfikacji Uniwersalna klasyfikacja dziesiętna

Brak dostępnych egzemplarzy.

© 2014 Biblioteka Politechniki Koszalińskiej :: BIBLIOGRAFIA PRAC PRACOWNIKÓW